Statistics for Donnie Darko Trivia

Click here to take the quiz!

General Stats

  • This quiz has been taken 44 times
  • The average score is 10 of 18

Answer Stats

QuestionAnswer% Correct
What year was Donnie Darko released?2001
95%
What is the name of the giant bunny rabbit?Frank
95%
Who is the actor that plays Donnie Darko?Jake Gyllenhaal
92%
Where is Donnie found sleeping in the beginning of the movie?A Golf Course
81%
What movie is Donnie referencing when he mentions the "DeLorean"?Back to the Future
78%
What college does Elizabeth get into, and celebrates by throwing a party?Harvard
76%
This famous linguist once said that ____ ____ was the most beautiful phrase in the English language.Cellar Door
73%
How old is Roberta Sparrow, or Grandma Death?101
70%
What is the dance group that Samantha Darko is lead dancer in?Sparkle Motion
65%
What is the name of the actor that tells gretchen, "I like your boobs."Seth Rogen
62%
What movie do Donnie and Gretchen see in theaters?Evil Dead
59%
In the opening scene, what book is Rose found reading in the yard?IT
41%
What is Donnie's therapists name?Dr. Thurman
38%
What book does Ms. Farmer try to have banned?The Destructors
32%
What is the name of the organization that keeps the jet engine fiasco under control?Federal Aviation Administration
30%
Where does Donnies older sister, Elizabeth, work?The Yarn Barn
27%
What is the name of the invention that Gretchen and Donnie make up for Monnitoff's class?Infant Memory Generator
22%
What is Cherita Chen's dance routine called?Autumn Angel
5%

Score Distribution

Percentile by Number Answered

Percent of People with Each Score

Your Score History

You have not taken this quiz